The dismal science ; a criticism on modern English political economy /

Bibliographic Details
Main Author: Dillon, William, 1850-
Format: Book
Language:English
Published: Dublin : M.H. Gill & son, 1882.
Subjects:

MARC

Tag First Indicator Second Indicator Subfields
LEADER 00000cam a2200000 4500
001 in00000063418
005 20151007083051.0
008 800428s1882 ie 00010 eng
010 |a  05016035  
035 |a (OCoLC)06255040 
035 |9 AAF8807AM 
040 |a DLC  |c TXA  |d UtOrBLW 
049 |a TXAM  |c [240132] 
050 0 |a HB171.7  |b .D57 
092 |a 330.942  |b D579d 
100 1 |a Dillon, William,  |d 1850- 
245 1 4 |a The dismal science ;  |b a criticism on modern English political economy /  |c By William Dillon ... 
264 1 |a Dublin :  |b M.H. Gill & son,  |c 1882. 
300 |a xv, 236 pages ;  |c 19 cm. 
336 |a text  |b txt  |2 rdacontent 
337 |a unmediated  |b n  |2 rdamedia 
338 |a volume  |b nc  |2 rdacarrier 
650 0 |a Economics. 
999 |a MARS 
999 f f |s 04678105-90cc-35ce-800b-6e22658fcc82  |i 1bc11fc4-bb21-3a89-8839-126d2a89aeac  |t 0 
952 f f |p ric  |a Texas A&M University  |b Rellis Campus  |c Joint Library Facility  |d Remote Storage  |t 0  |e HB171.7 .D57  |h Library of Congress classification  |i unmediated -- volume  |m A14800701035 
998 f f |a HB171.7 .D57  |t 0  |l Remote Storage